LEADER 01005nam 2200277z- 450 001 9910689843703321 005 20161209104647.0 035 $a(CKB)5860000000029874 035 $a(BIP)012311100 035 $a(EXLCZ)995860000000029874 100 $a20220406c2004uuuu -u- - 101 0 $aeng 200 10$aNuclear R&D and the Idaho National Laboratory $ehearing before the Subcommittee on Energy, Committee on Science, House of Representatives, One Hundred Eighth Congress, second session, June 24, 2004 215 $a1 online resource (iii, 64 p.) $cill 311 $a0-16-074324-9 517 $aNuclear R&D and the Idaho National Laboratory 606 $aNuclear energy$xResearch$zUnited States 610 $aEnergy policy 610 $aNuclear energy 610 $aPolitical science 610 $aTechnology & engineering 615 0$aNuclear energy$xResearch 906 $aBOOK 912 $a9910689843703321 996 $aNuclear R&D and the Idaho National Laboratory$93135876 997 $aUNINA